000 00694nam a2200289Ia 4500
005 20260324134549.0
008 008 260324s9999 xx 000 0 eng d
020 _a9781315809342
037 _aEBOOK
040 _aCRL
040 _beng
040 _cCRL
041 _2eng
041 _aeng
084 _qCRL
100 _aStephen Lundrigan
_91197298
245 0 _aTreating Youth Who Sexually Abuse
245 3 _bAn Integrated Multi-Component Approach
260 _bTaylor and Francis
260 _c2001
365 _a
365 _b115
856 _uhttp://www.taylorfrancis.com/books/9781315809342
942 _cEBOOK
999 _c1797522
_d1797522